000 00650nam a22002297a 4500
005 20170124110001.0
010 _aB-035213
020 _c00.00
_a8121206553
035 _aB-035213
037 _bCen Lib/Ret
040 _aDPL
_bEN
082 _a363.2
_bSEN
100 _aSen, Sankar
_915819
245 _aPolice in democratic societies /
_cby Sankar Sen
260 _aNew Delhi
_bGyan publishing house
_c2000
270 _a5,Ansari Road
_bNew Delhi
_e110002
300 _a249p.
_c21cm(Hb)
500 _aIncludes index
650 _aPolice
_zIndia
_988965
650 _aPolice brutality
_988966
942 _2ddc
_cEN
_h363.2
_mSEN
999 _c125871
_d125871